History and methodology of science: study aid
| Autor Principal: | |
|---|---|
| Autor Corporativo: | |
| Summary: | Заглавие с титульного экрана Электронная версия печатной публикации The textbook represents the short review of questions which are studied by philosophy of science. The basic attention is given history of scientific thought, the major scientific and philosophical concepts, and as to the problems connected with influence of a science on all life. The study aid is developed for all master's degree of the TPU. Режим доступа: из корпоративной сети ТПУ |
| Idioma: | inglés |
| Publicado: |
Tomsk, TPU Publishing House, 2021
|
| Subjects: | |
| Acceso en liña: | https://www.lib.tpu.ru/fulltext2/m/2021/m15.pdf |
| Formato: | MixedMaterials Electrónico Libro |
| KOHA link: | https://koha.lib.tpu.ru/cgi-bin/koha/opac-detail.pl?biblionumber=345957 |
MARC
| LEADER | 00000nlm0a2200000 4500 | ||
|---|---|---|---|
| 001 | 345957 | ||
| 005 | 20240214111419.0 | ||
| 035 | |a (RuTPU)RU\TPU\book\377813 | ||
| 035 | |a RU\TPU\book\377808 | ||
| 090 | |a 345957 | ||
| 100 | |a 20210421d2021 m y0rusy50 ca | ||
| 101 | 0 | |a eng | |
| 102 | |a RU | ||
| 105 | |a a j 001zy | ||
| 135 | |a drgn ---uucaa | ||
| 200 | 1 | |a History and methodology of science |e study aid |d История и методология науки |f N. V. Skakovskaya | |
| 210 | |a Tomsk |c TPU Publishing House |d 2021 | ||
| 300 | |a Заглавие с титульного экрана | ||
| 300 | |a Электронная версия печатной публикации | ||
| 330 | |a The textbook represents the short review of questions which are studied by philosophy of science. The basic attention is given history of scientific thought, the major scientific and philosophical concepts, and as to the problems connected with influence of a science on all life. The study aid is developed for all master's degree of the TPU. | ||
| 333 | |a Режим доступа: из корпоративной сети ТПУ | ||
| 452 | 1 | |0 (RuTPU)RU\TPU\book\377929 |y 978-5-4387-0955-8 |t History and methodology of science |l История и методология науки |o study aid |f N. V. Skakovskaya |g Tomsk Polytechnic University |c Tomsk |n Tomsk Polytechnic University Publishing House |d 2021 |p 121 p. |a Skakovskaya, Natalia Vyacheslavovna | |
| 510 | 1 | |a История и методология науки |z rus | |
| 606 | 1 | |a Методология науки |2 stltpush |3 (RuTPU)RU\TPU\subj\43491 |9 62985 | |
| 606 | 1 | |a Наука |x История |2 stltpush |3 (RuTPU)RU\TPU\subj\45075 |9 64337 | |
| 610 | 1 | |a электронный ресурс | |
| 610 | 1 | |a труды учёных ТПУ | |
| 610 | 1 | |a учебные пособия | |
| 610 | 1 | |a английский язык | |
| 686 | |a Ю25я73 |2 rubbk | ||
| 686 | |a Ч213я73 |2 rubbk | ||
| 700 | 1 | |a Skakovskaya |b N. V. |c philosopher |c Associate Professor of Tomsk Polytechnic University, Candidate of Philosophical Sciences |f 1980- |g Natalia Vyacheslavovna |3 (RuTPU)RU\TPU\pers\46841 |9 22463 | |
| 712 | 0 | 2 | |a Национальный исследовательский Томский политехнический университет |b Школа базовой инженерной подготовки |c (2017- ) |3 (RuTPU)RU\TPU\col\23509 |
| 801 | 1 | |a RU |b 63413507 |c 20110421 | |
| 801 | 2 | |a RU |b 63413507 |c 20211111 |g RCR | |
| 856 | 4 | |u https://www.lib.tpu.ru/fulltext2/m/2021/m15.pdf | |
| 942 | |c CF | ||